<?xml version="1.0" encoding="UTF-8"?>
<record
    xmlns:xsi="http://www.w3.org/2001/XMLSchema-instance"
    xsi:schemaLocation="http://www.loc.gov/MARC21/slim http://www.loc.gov/standards/marcxml/schema/MARC21slim.xsd"
    xmlns="http://www.loc.gov/MARC21/slim">

  <leader>04537njm a2200589Ia 4500</leader>
  <controlfield tag="001">40472</controlfield>
  <controlfield tag="003">IT-RoPAU</controlfield>
  <controlfield tag="005">20220918181127.0</controlfield>
  <controlfield tag="008">131025s9999    xx            000 0 und d</controlfield>
  <datafield tag="040" ind1=" " ind2=" ">
    <subfield code="a">IT-RoPAU</subfield>
  </datafield>
  <datafield tag="040" ind1=" " ind2=" ">
    <subfield code="c">IT-RoPAU</subfield>
  </datafield>
  <datafield tag="999" ind1=" " ind2=" ">
    <subfield code="c">100260</subfield>
    <subfield code="d">100260</subfield>
  </datafield>
  <datafield tag="999" ind1=" " ind2=" ">
    <subfield code="b">n.d.</subfield>
  </datafield>
  <datafield tag="100" ind1=" " ind2=" ">
    <subfield code="a">AA.VV.</subfield>
    <subfield code="9">794</subfield>
  </datafield>
  <datafield tag="100" ind1=" " ind2=" ">
    <subfield code="e">Autore musica</subfield>
    <subfield code="9">21722</subfield>
  </datafield>
  <datafield tag="100" ind1=" " ind2=" ">
    <subfield code="g">Codice autore musica SPICS: 12000</subfield>
    <subfield code="9">796</subfield>
  </datafield>
  <datafield tag="245" ind1=" " ind2=" ">
    <subfield code="a">Jazz. Gli uomini, gli strumenti, gli stili 66</subfield>
  </datafield>
  <datafield tag="250" ind1=" " ind2=" ">
    <subfield code="a">2a ed.</subfield>
  </datafield>
  <datafield tag="260" ind1=" " ind2=" ">
    <subfield code="a">MILANO</subfield>
  </datafield>
  <datafield tag="260" ind1=" " ind2=" ">
    <subfield code="b">FRATELLI FABBRI EDITORI</subfield>
    <subfield code="c">1987 [1a Ed.:1987]</subfield>
  </datafield>
  <datafield tag="300" ind1=" " ind2=" ">
    <subfield code="a">MUSICASSETTA</subfield>
  </datafield>
  <datafield tag="300" ind1=" " ind2=" ">
    <subfield code="c">44 minuti (Testo:  pag.)</subfield>
  </datafield>
  <datafield tag="500" ind1=" " ind2=" ">
    <subfield code="a">Musica jazz</subfield>
  </datafield>
  <datafield tag="505" ind1=" " ind2=" ">
    <subfield code="a">I've Found A New Baby [(New York, 15.9.1932) (4:00)] - Weary Blues [(New York, 28.11.1938) (3:00)] - When You and I Were Young Maggie (3:00) ] - Save It Pretty Mama [(New York, 6.9.1940) (3:00)] - Egyptian/Rhapsody [(New York, 8.1.1941) (3:00)] - Muskrat/Ramble [(New York, 20.12.1944) (4:00)] - Blue Horizon (5:00) - Jazz Me Blues (5:00) - Out of the Gallion [(New York:30.8.1945) (4:00)] - Kansas City Man [(New York, 14.7.1947) (3:00)] - My Woman's Blues [(New York, 31.7.1947) (3:00)] - Changes Made [(New York, 5.11.1951) (4:00)]</subfield>
  </datafield>
  <datafield tag="511" ind1=" " ind2=" ">
    <subfield code="a">Ladnier Tommy: tr; Nixon Teddy: tbne; Bechet Sydney: ss; Duncan Hank: p; Myers Wilson Ernest: cb; Moreland Morris: batt; Sydney Bechet and His Feetwarmers</subfield>
  </datafield>
  <datafield tag="511" ind1=" " ind2=" ">
    <subfield code="a">Ladnier Tommy: tr; Bechet Sydney: cl; Mezzrow Mezz: cl; Jackson Cliff: p; Bunn Teddy: chit; James Elmer: cb; Johnson Manzie: batt; Tommy Ladnier and His Orchestra</subfield>
  </datafield>
  <datafield tag="511" ind1=" " ind2=" ">
    <subfield code="a">Ladnier Tommy: tr; Bechet Sydney: cl, ss; Mezzrow Mezz: ten; Jackson Cliff: p; Bunn Teddy: chit; James Elmer: cb; Johnson Manzie: batt; Tommy Ladnier and His Orchestra</subfield>
  </datafield>
  <datafield tag="511" ind1=" " ind2=" ">
    <subfield code="a">Stewart Rex: tr; Bechet Sidney: cl, ss; Hines Earl: p; Lindsey Johnny: cb; Dodds Baby: batt; Sidney Bechet and His Feetwarmers</subfield>
  </datafield>
  <datafield tag="511" ind1=" " ind2=" ">
    <subfield code="a">Allen Red: tr; Higginbotham J.C.: tbne; Bechet Sidney: cl; Toliver James: p; Braud Welman: cb; Heard J.C.: batt: Sidney Bechet and His Feetwarmers</subfield>
  </datafield>
  <datafield tag="511" ind1=" " ind2=" ">
    <subfield code="a">De Paris Sidney: tr; Dickenson Vic: tbne; Bechet Sidney: ss, cl; Hodes Art: p; Foster George Pops: cb; Johnson Manzie: batt; Bechet-De Paris Jazzmen</subfield>
  </datafield>
  <datafield tag="511" ind1=" " ind2=" ">
    <subfield code="a">Mezzrow Milton: cl; Bechet Sidney: ss; Weston Fitz: p; Foster George Pops: cb; Marshall Kaiser: batt; Mezzrow-Bechet Quintet</subfield>
  </datafield>
  <datafield tag="511" ind1=" " ind2=" ">
    <subfield code="a">Bechet Sidney: cl; Wilber Bob: cl; Glasel Johnny: c; Mielke Bob: tbne; Wellstood Dick: p; Treager Charlie: cb; Strong Dennis: batt; Sidney Bechet and Bob Wilber's Wild Cats</subfield>
  </datafield>
  <datafield tag="511" ind1=" " ind2=" ">
    <subfield code="a">Bechet Sidney: ss; Phillips Lloyd: p; Foster Pops: cb; Moore Freddie: batt; Sidney Bechet Quartet</subfield>
  </datafield>
  <datafield tag="511" ind1=" " ind2=" ">
    <subfield code="a">De Paris Sidney: tr; Archey Jimmy: tbne; Bechet Sidney: ss; Kirkpatrick Don: p; Foster Pops: cb; Johnson Manzie: batt; Bechet-De Paris Jazzmen</subfield>
  </datafield>
  <datafield tag="650" ind1=" " ind2=" ">
    <subfield code="a">JAZZ [CASSETTE]</subfield>
    <subfield code="e">Codice MATERIA SPICS: 9951</subfield>
    <subfield code="9">1831</subfield>
  </datafield>
  <datafield tag="700" ind1=" " ind2=" ">
    <subfield code="a">Bechet Sydney</subfield>
    <subfield code="g">Codice interprete SPICS: 9418</subfield>
    <subfield code="e">Interprete</subfield>
    <subfield code="9">21723</subfield>
  </datafield>
  <datafield tag="700" ind1=" " ind2=" ">
    <subfield code="a">Palmer</subfield>
    <subfield code="g">Codice autore musica SPICS: 20149</subfield>
    <subfield code="e">Autore musica</subfield>
    <subfield code="p">I've Found A New Baby</subfield>
    <subfield code="9">21724</subfield>
  </datafield>
  <datafield tag="700" ind1=" " ind2=" ">
    <subfield code="a">Williams Spencer</subfield>
    <subfield code="g">Codice autore SPICS: 10731</subfield>
    <subfield code="e">Autore</subfield>
    <subfield code="p">I've Found A New Baby</subfield>
    <subfield code="9">21725</subfield>
  </datafield>
  <datafield tag="700" ind1=" " ind2=" ">
    <subfield code="a">Mattheus</subfield>
    <subfield code="g">Codice autore musica SPICS: 20151</subfield>
    <subfield code="e">Autore musica</subfield>
    <subfield code="p">Weary Blues</subfield>
    <subfield code="9">21726</subfield>
  </datafield>
  <datafield tag="700" ind1=" " ind2=" ">
    <subfield code="a">Johnson</subfield>
    <subfield code="g">Codice autore musica SPICS: 20146</subfield>
    <subfield code="e">Autore musica</subfield>
    <subfield code="p">When You and I Were Young Maggie - Kansas City Man</subfield>
    <subfield code="9">21727</subfield>
  </datafield>
  <datafield tag="700" ind1=" " ind2=" ">
    <subfield code="a">Butterfield Billy</subfield>
    <subfield code="g">Codice autore SPICS: 16366</subfield>
    <subfield code="e">Autore</subfield>
    <subfield code="p">When You and I Were Young Maggie</subfield>
    <subfield code="9">21728</subfield>
  </datafield>
  <datafield tag="700" ind1=" " ind2=" ">
    <subfield code="a">Denniker</subfield>
    <subfield code="g">Codice autore musica SPICS: 20152</subfield>
    <subfield code="e">Autore musica</subfield>
    <subfield code="p">Save It Pretty Mama</subfield>
    <subfield code="9">21729</subfield>
  </datafield>
  <datafield tag="700" ind1=" " ind2=" ">
    <subfield code="a">Davis Art</subfield>
    <subfield code="g">Codice autore SPICS: 16374</subfield>
    <subfield code="e">Autore</subfield>
    <subfield code="p">Save It Pretty Mama</subfield>
    <subfield code="9">21730</subfield>
  </datafield>
  <datafield tag="700" ind1=" " ind2=" ">
    <subfield code="a">Redman Don</subfield>
    <subfield code="g">Codice autore testo/musica SPICS: 16279</subfield>
    <subfield code="e">Autore testo/musica</subfield>
    <subfield code="p">Save It Pretty Mama</subfield>
    <subfield code="9">21731</subfield>
  </datafield>
  <datafield tag="700" ind1=" " ind2=" ">
    <subfield code="a">Reid</subfield>
    <subfield code="g">Codice autore musica SPICS: 20153</subfield>
    <subfield code="e">Autore musica</subfield>
    <subfield code="p">Egyptian/Rhapsody</subfield>
    <subfield code="9">21732</subfield>
  </datafield>
  <datafield tag="700" ind1=" " ind2=" ">
    <subfield code="a">Bechet Sydney</subfield>
    <subfield code="g">Codice autore SPICS: 9418</subfield>
    <subfield code="e">Autore</subfield>
    <subfield code="p">Egyptian/Rhapsody - Blue Horizon - My Woman's Blues</subfield>
    <subfield code="9">21733</subfield>
  </datafield>
  <datafield tag="700" ind1=" " ind2=" ">
    <subfield code="a">Ory Kid</subfield>
    <subfield code="g">Codice autore musica SPICS: 16277</subfield>
    <subfield code="e">Autore musica</subfield>
    <subfield code="p">Muskrat/Ramble</subfield>
    <subfield code="9">21734</subfield>
  </datafield>
  <datafield tag="700" ind1=" " ind2=" ">
    <subfield code="a">Delaney Tom</subfield>
    <subfield code="g">Codice autore musica SPICS: 18861</subfield>
    <subfield code="e">Autore musica</subfield>
    <subfield code="p">Jazz Me Blues</subfield>
    <subfield code="9">21735</subfield>
  </datafield>
  <datafield tag="700" ind1=" " ind2=" ">
    <subfield code="a">Mezzrow Mezz</subfield>
    <subfield code="g">Codice autore musica SPICS: 13035</subfield>
    <subfield code="e">Autore musica</subfield>
    <subfield code="p">Out of the Gallion</subfield>
    <subfield code="9">21736</subfield>
  </datafield>
  <datafield tag="700" ind1=" " ind2=" ">
    <subfield code="a">Williams</subfield>
    <subfield code="g">Codice autore musica SPICS: 20150</subfield>
    <subfield code="e">Autore musica</subfield>
    <subfield code="p">Kansas City Man</subfield>
    <subfield code="9">21737</subfield>
  </datafield>
  <datafield tag="700" ind1=" " ind2=" ">
    <subfield code="a">Overstreet</subfield>
    <subfield code="g">Codice autore musica SPICS: 20154</subfield>
    <subfield code="e">Autore musica</subfield>
    <subfield code="p">Changes Made</subfield>
    <subfield code="9">21739</subfield>
  </datafield>
  <datafield tag="942" ind1=" " ind2=" ">
    <subfield code="c">MC</subfield>
    <subfield code="2">ddc</subfield>
  </datafield>
  <datafield tag="952" ind1=" " ind2=" ">
    <subfield code="0">0</subfield>
    <subfield code="1">0</subfield>
    <subfield code="4">0</subfield>
    <subfield code="6">40472_000000000000000</subfield>
    <subfield code="7">1</subfield>
    <subfield code="a">SPICS</subfield>
    <subfield code="b">SPICS</subfield>
    <subfield code="d">2013-10-25</subfield>
    <subfield code="l">0</subfield>
    <subfield code="o">40472</subfield>
    <subfield code="r">2013-10-25 00:00:00</subfield>
    <subfield code="w">2013-10-25</subfield>
    <subfield code="y">MC</subfield>
    <subfield code="z">Progr. Ins.: 14269 / N.Vol.: 1 / Copie: 1 - Copia rara: n.d. / date import: 01.01.2014 - By Epidotti, Trombetti, Vaglietti</subfield>
  </datafield>
</record>
